| 000 | 00835nam a22002297a 4500 | ||
|---|---|---|---|
| 001 | 65195 | ||
| 003 | BD-RjUL | ||
| 005 | 20211209081409.0 | ||
| 008 | 170301s1970 b ||||| |||| 00| 0 b d | ||
| 035 | _a(BD-RjUL)65325 | ||
| 040 |
_aBD-RjUL _bben _cBD-RjUL _dBD-RjUL |
||
| 041 | _aben | ||
| 082 |
_223 _a331 _bSHM 1970 |
||
| 100 |
_aসেন, সতোন _9179257 |
||
| 245 |
_aমেহনতি মানুষ / _cসতোন সেন ; বিষ্ণু চট্টোপাধ্যা্য় |
||
| 260 |
_aঢাকা : _bকালিকলয় প্রকাশনি, _c১৯৭০ |
||
| 300 |
_a১৫৮ পৃ. _c১৭ সেমি. |
||
| 650 |
_aশ্রমিক _9170337 |
||
| 650 |
_aLabor _9193061 |
||
| 700 |
_aচট্টোপাধ্যা্য় বিষ্ণু _9191678 |
||
| 942 |
_2ddc _cBK |
||
| 999 |
_c65195 _d65195 |
||